Actors' Best Known Movies Quiz Stats

 Plays Quiz Updated Jan 31, 2017

Also try: Actors by Role
Challenge
Share
Tweet
Embed
Score 0/48 Timer 08:00
14 Plays Today
Hint Answer % Correct
Tom HanksForrest Gump
81.7%
Johnny DeppPirates of the Caribbean: The Curse of the Black Pearl
71.1%
Will SmithMen in Black
64%
Jim CarreyAce Ventura: Pet Detective
62.6%
Tom HanksCast Away
62.4%
Tom HanksBig
59%
Robert De NiroMeet the Parents
58%
Ben StillerZoolander
58%
Scarlett JohanssonThe Avengers
53.6%
Matt DamonGood Will Hunting
53.2%
Tom HanksSaving Private Ryan
51.3%
Rachel McAdamsThe Notebook
51.2%
Will SmithIndependence Day
47.5%
Johnny DeppEdward Scissorhands
47.1%
Jim CarreyThe Truman Show
46.2%
Will SmithI Am Legend
45.5%
Robert De NiroTaxi Driver
42.8%
Rachel McAdamsMean Girls
41.3%
Liam NeesonSchindler's List
37.8%
Robert De NiroRaging Bull
36.1%
Angelina JolieThe Tourist
35.3%
Will SmithWild Wild West
30.2%
Matt DamonThe Martian
30%
Scarlett JohanssonLost in Translation
27.3%
Hint Answer % Correct
Michelle PfeifferHairspray
26.7%
Jim CarreyBruce Almighty
25.4%
Jim CarreyEternal Sunshine of the Spotless Mind
24.7%
Angelina JolieGirl, Interrupted
24.5%
Johnny DeppAlice in Wonderland
20.8%
Liam NeesonKinsey
18.4%
Matt DamonThe Departed
18.1%
Michelle PfeifferDangerous Minds
16.2%
Johnny DeppSweeney Todd: The Demon Barber of Fleet Street
15.1%
Angelina JolieMaleficent
14.5%
Ben StillerTropic Thunder
14.3%
Scarlett JohanssonHer
12.7%
Angelina JolieChangeling
11.8%
Matt DamonThe Talented Mr. Ripley
9.8%
Liam NeesonThe Grey
9.6%
Robert De NiroCape Fear
8%
Ben StillerThe Secret Life of Walter Mitty
7.6%
Michelle PfeifferWhat Lies Beneath
7.3%
Ben StillerMadagascar
6.8%
Rachel McAdamsThe Vow
6.1%
Rachel McAdamsRed Eye
5.6%
Michelle PfeifferOne Fine Day
4.6%
Scarlett JohanssonUnder the Skin
3.6%
Liam NeesonThe A-Team
1.9%

You're not logged in!

Compare scores with friends on all Sporcle quizzes.
OR
Log In

You Might Also Like...

Show Comments

Extras

Top Quizzes Today


Score Distribution

Your Account Isn't Verified!

In order to create a playlist on Sporcle, you need to verify the email address you used during registration. Go to your Sporcle Settings to finish the process.

Report this User

Report this user for behavior that violates our Community Guidelines.

Details: